| 000 | 02477ncm0a2200409 4500 | ||
|---|---|---|---|
| 001 | RU\NLR\ONIZ\296869 | ||
| 005 | 20250625021100.0 | ||
| 013 | _a979-0-3522-1062-2 | ||
| 035 | _a(NLR Aleph) 016270500 | ||
| 071 | 2 | 0 | _aс 6996 к |
| 090 |
_a12884702 _c12884702 |
||
| 100 | _a20221120d2016 |||y0rusy50 ca | ||
| 101 | 0 |
_aeng _arus |
|
| 102 | _aRU | ||
| 128 | _asn | ||
| 145 | 0 | _ab | |
| 200 | 1 |
_aСоната для альта и фортепиано _bНоты _dSonata for viola and piano _eop. 147 _zeng _fД. Шостакович _gпереложение для альта и струнного оркестра И. Иоффа |
|
| 203 |
_aМузыка _bзнаковая _bвизуальная _cнепосредственная |
||
| 208 |
_aПартитура и партия _dScore and part |
||
| 210 |
_aСанкт-Петербург _cКомпозитор-Санкт-Петербург _d2016 |
||
| 215 |
_a40 с. 1 парт. (18 с.) _d30 см |
||
| 313 | _aСистематизация документа проведена по изданию - Методика классифицирования музыкальных произведений (нотных изданий) по таблицам Библиотечно-библиографических классификаций : метод. рекомендации / Гос. б-ка СССР им. В.И. Ленина.- М., 1977. Индексу ББК методических рекомендаций присваивается код ББК для научных библиотек - LBC/SL | ||
| 606 | 1 |
_aПереложения для альта и струнного оркестра _yРоссия _z20-21 вв. _jНоты _jПартитуры _2nlr_sh |
|
| 608 |
_aСоната (альт и струнный оркестр) _yРоссия _z20-21 вв. _jНоты _jПартитуры _2nlr_sh |
||
| 686 | 0 | _aЩ955.5-15-095-041(2Р=Р)П | |
| 700 | 1 |
_9z01790 _aШостакович _bД. Д. _f1906-1975 _gДмитрий Дмитриевич _4230 _7ca |
|
| 702 | 1 |
_9z03790 _aИофф _bИ. В. _f1966- _gИлья Вениаминович _4030 _7ca |
|
| 790 | 1 |
_9z01700 _aShostakovich _bD. D. _f1906-1975 _gDmitri Dmitriyevich _4230 _7ba |
|
| 790 | 1 |
_9z03702 _aIoff _bI. _f1966- _gIlya _4030 _7ba |
|
| 801 | 0 |
_aRU _bNLR _c20221120 _gPSBO |
|
| 801 | 1 |
_aRU _bNLR _c20221120 _2rusmarc |
|
| 801 | 2 |
_aRU _bNLR _c20230119 |
|
| 852 |
_aNLR _bМ _jК-3/30898 _p271497 _t1 |
||
| 942 | _cSCORE | ||
| 980 | _aNB | ||
| 980 | _aONIZ | ||